Rang and Dale's pharmacology / (Record no. 171556)

MARC details
000 -LEADER
fixed length control field 01141nam a22003257a 4500
003 - CONTROL NUMBER IDENTIFIER
control field OSt
005 - DATE AND TIME OF LATEST TRANSACTION
control field 20250404101448.0
008 - FIXED-LENGTH DATA ELEMENTS--GENERAL INFORMATION
fixed length control field 250404b |||||||| |||| 00| 0 eng d
020 ## - INTERNATIONAL STANDARD BOOK NUMBER
International Standard Book Number 9780702074486 (paperback)
040 ## - CATALOGING SOURCE
Original cataloging agency NUST
Language of cataloging eng
Transcribing agency NUST
Modifying agency NUST
Description conventions rda
050 ## - LIBRARY OF CONGRESS CALL NUMBER
Classification number RM300 RAN
100 ## - MAIN ENTRY--PERSONAL NAME
Personal name Ritter, James
Relator term Author
245 ## - TITLE STATEMENT
Title Rang and Dale's pharmacology /
Remainder of title James M Ritter, Rod Flower, Graeme Henderson, Yoon Kong Loke, David MacEwan and Humphrey P Rang.
250 ## - EDITION STATEMENT
Edition statement Ninth edition.
260 ## - PUBLICATION, DISTRIBUTION, ETC.
Place of publication, distribution, etc. Edinburgh :
Name of publisher, distributor, etc. Elsevier,
Date of publication, distribution, etc. 2020.
300 ## - PHYSICAL DESCRIPTION
Extent xvi, 789 pages :
Other physical details Illustrations ;
Dimensions 28 cm.
336 ## - CONTENT TYPE
Source rdamedia
Content type term text
Content type code txt
337 ## - MEDIA TYPE
Source rdamedia
Media type term unmediated
Media type code n
338 ## - CARRIER TYPE
Source rdamedia
Carrier type term volume
Carrier type code nc
504 ## - BIBLIOGRAPHY, ETC. NOTE
Bibliography, etc. note Includes bibliographical references and index.
650 ## - SUBJECT ADDED ENTRY--TOPICAL TERM
Form subdivision Pharmacology.
650 ## - SUBJECT ADDED ENTRY--TOPICAL TERM
Form subdivision Pharmacokinetics.
650 ## - SUBJECT ADDED ENTRY--TOPICAL TERM
Form subdivision Drug Therapy.
700 ## - ADDED ENTRY--PERSONAL NAME
Personal name Flower, R J
Relator term Author
700 ## - ADDED ENTRY--PERSONAL NAME
Personal name Henderson, Graeme
Relator term Author
700 ## - ADDED ENTRY--PERSONAL NAME
Personal name Loke, Yoon Kong
Relator term Author
700 ## - ADDED ENTRY--PERSONAL NAME
Personal name MacEwan, David J
Relator term Author
700 ## - ADDED ENTRY--PERSONAL NAME
Personal name Rang, Humphrey P
Relator term Author
942 ## - ADDED ENTRY ELEMENTS (KOHA)
Source of classification or shelving scheme Library of Congress Classification
Koha item type Ordinary Loan Books
Edition Ninth edition.
Classification part RM300 RAN
Call number prefix RM
Call number suffix RAM
Suppress in OPAC No
Holdings
Withdrawn status Lost status Source of classification or shelving scheme Damaged status Not for loan Collection Home library Current library Shelving location Date acquired Source of acquisition Cost, normal purchase price Total Checkouts Full call number Barcode Date last seen Accession number Cost, replacement price Price effective from Koha item type Public note
    LCC     NFIC MEDICAL MEDICAL GEN 04/04/2025 Book Aid International 83.00   RM300 RAN 92004057422 04/04/2025 62962 83.00 04/04/2025 BOOKS Donation
    LCC     NFIC MEDICAL MEDICAL GEN 04/04/2025 Book Aid International 83.00   RM300 RAN 92004057373 04/04/2025 62963 83.00 04/04/2025 BOOKS Donation